| 000 | 00688nam a2200229 a 4500 | ||
|---|---|---|---|
| 005 | 20240501063657.0 | ||
| 008 | 171017s2008 mx r 000 0 spa d | ||
| 020 | _a9780764140655 | ||
| 035 | _aUPN01000221033 | ||
| 049 | _aI | ||
| 050 | 4 |
_aQL737 R6.34 _bA4.2 |
|
| 100 | 1 |
_aAlgarra, Alejandro _942719 |
|
| 245 | 1 | 0 |
_aCuidemos a nuestra cobaya nueva / _cAlejandro Algarra ; il. Rosa M. Curto. |
| 260 |
_aNew York : _bBarron's, _c2008. |
||
| 300 |
_a35 p. : _bil. col. |
||
| 440 | 0 | _aCuidar y proteger | |
| 534 |
_pTÃtulo original: _tUna cobaya en casa |
||
| 650 | 4 |
_aCOBAYOS _927738 |
|
| 650 | 4 |
_aMascotas _vLiteratura infantil _921679 |
|
| 905 | _aInfantil | ||
| 999 |
_c193132 _d193132 |
||